| 000 | 00697nam a2200229 a 4500 | ||
|---|---|---|---|
| 001 | BRCA_8303 | ||
| 005 | 20190320210223.0 | ||
| 008 | 230614s1955----gw-a###f##---#001-0#ger-# | ||
| 041 | _ager | ||
| 044 | _agw | ||
| 050 | 4 |
_aPN6705 _b.S5 2 1955 |
|
| 245 | 1 | 0 |
_aBankhumor: _beine vorwiegend heitere sammlung von anekdoten, geschichten, witzen und aussprüchen _cGesammelt und herausgegeben von S. Sichtermann. |
| 260 |
_aFrankfurt _bFritz Knapp _c1955 |
||
| 300 |
_a128 p. _bil. _c18 cm. |
||
| 500 | _aEjemplar igual a T9 | ||
| 500 | _aS127 | ||
| 650 | 1 | 4 |
_aHumor alemán _920729 |
| 650 | 1 | 4 |
_aCaricatura alemana _920492 |
| 700 | 1 |
_aSichtermann, S. _eed. _920730 |
|
| 902 | _aGFM | ||
| 942 |
_2lcc _cB |
||
| 999 |
_c7971 _d7971 |
||